Cizojazyčný (anglicko-rusko-česko-německý) slovníček výrazů z oblasti životního prostředí

Enregistré dans:
Détails bibliographiques
Auteur principal: Horák, Bohuslav
Autres auteurs: Nováček, Miroslav, Forsterová, Blanka
Format: Livre
Langue:tchèque
Publié: Praha Min. výstavby a stavebnictví ČSR 1988
Édition:1. vyd.
Tags: Ajouter un tag
Pas de tags, Soyez le premier à ajouter un tag!

MARC

LEADER 00000nam a2200000 4500
001 c036393
005 20221219085025.6
041 0 |a cze 
044 |a CZ 
245 1 0 |a Cizojazyčný (anglicko-rusko-česko-německý) slovníček výrazů z oblasti životního prostředí  |c Bohuslav Horák, Miroslav Nováček, Blanka Forsterová 
250 |a 1. vyd. 
264 1 |a Praha  |b Min. výstavby a stavebnictví ČSR  |c 1988 
300 |a 112 s. 
100 1 |a Horák, Bohuslav 
700 1 |a Nováček, Miroslav 
700 1 |a Forsterová, Blanka